Normal view
MARC view
- Das L
Entry Personal Name
001 - CONTROL NUMBER
- control field: 215850
003 - CONTROL NUMBER IDENTIFIER
- control field: OSt
005 - DATE AND TIME OF LATEST TRANSACTION
- control field: 20251216113455.0
008 - FIXED-LENGTH DATA ELEMENTS
- fixed length control field: 251216|| aca||aabn | a|a d
040 ## - CATALOGING SOURCE
- Original cataloging agency: OSt
- Transcribing agency: OSt
100 ## - HEADING--PERSONAL NAME
- Personal name: Das L
670 ## - SOURCE DATA FOUND
- Source citation: Work cat.: (OSt)369377: Das L., Waste Recycling: Developments And Challenges With Increasing Standard Of Living, 2025